00573nam a22001812 4500001001100000005001700011008004100028020001900069040001500088050002900103100003500132245008500167260004000252300001100292650002600303650003200329700003000361000000521720151217151956.0070608s xx 000 0 eng d cKES 200 (don.) aKABUcKABU 0aTK5105.883b.N48E75 19971 aErickson, Fritz J.@000013618710aNetscape Navigator and the world wide web /cFritz J. Erickson and John A. Vonk. aBoston :bIrwin/McGraw-Hill,c1997. a179 p. 0aNetscape.@0000156381 0aWorld Wide Web.@00001542771 aVonk, John A.@0000136188